| 000 | 01357cam a2200217 4500 | ||
|---|---|---|---|
| 001 | A542 | ||
| 008 | 090401t1994 xxu||||| |||| 00| 0 eng d | ||
| 035 | _a(Sirsi) u95500 | ||
| 041 | _aeng | ||
| 110 |
_aRoyal Institution of Chartered Surveyors _94900 |
||
| 245 | _aProposals for the 1995 Finance Bill | ||
| 260 |
_bRICS _c1994 |
||
| 300 | _a22p | ||
| 350 | _a3 | ||
| 490 |
_aRICS Memorandum _vGCPPA/Report(94)15 |
||
| 520 | _aA number of proposals for the Finance Bill are outlined. Includes the following recommendations; setting up an Authorised Housing Investment Trust; energy efficiency loans; reinstating the Housing Corporation three year investment programme to 1993 levels;use of local authority capital receipts for refurbishment and maintenance of housing stock; easing of rates burden on empty property; continuation of transitional relief; introduction of depreciation allowances; anomalies over capital allowances; adjustment of fiscal policy to aid clean up of contaminated land; review of grants and tax relief to enable a sustainable forestry policy; remove Taxes Act 1988 s397 which prevents farm losses being set against other income; a number of measures for heritage property; preservation of indexation relief for capiatl gains tax. | ||
| 650 | _aFINANCE BILL 1995 | ||
| 690 | _aTAXATION | ||
| 942 | _n0 | ||
| 948 | _c04/03/1997 | ||
| 999 |
_c98511 _d98511 |
||